02729nam a2200349 a 4500003000500000005001700005007000300022008004100025020002200066040002300088050002300111082002500134100003700159245008500196250001800281264004800299300006900347336002700416337002700443338002800470490003100498504003400529505043500563520119400998650002002192650003002212650003502242650001702277650002502294650002902319830003102348CHAP20230503181902.0ta230503s2020 sp ad||fr|||| 001 0 spa d a978-987-1457-44-1 amxchpuacCHAPerda10aTJ810.7b.A74 202000a621.47bA74 20202201 aArenas, Fernando Carlos eautor 10aProcesos para el uso térmico de la energía solar / cFernando Carlos Arenas  a1a edición  aEspaña, Córdoba : bUniversitas, c2020 a157 páginas :bilustraciones, tablas, gráficas y diagramas  2rdacontentatextobtxt 2rdamediaasin mediobn 2rdacarrieravolumenbnc1 aIngeniería (Universitas) aBibliografía: páginas 1570 aCAPÍTULO 1: LA RADIACIÓN SOLAR -- CAPÍTULO 2: CONCEPTOS BÁSICOS SOBRE TRANSMISIÓN DEL CALOR -- CAPÍTULO 3: CONVERSIÓN TÉRMICA DE LA ENERGÍA SOLAR -- CAPÍTULO 4: CAPTACIÓN DE LA ENERGÍA NECESARIA PARA EL A. C. S. -- CAPÍTULO 5: APLICACIÓN A MEDIA Y ALTA TEMPERATURA -- CAPÍTULO 6: SISTEMAS DE CALEFACCIÓN Y REFRIGERACIÓN -- CAPÍTULO 7: PURIFICACIÓN SOLAR DEL AGUA -- CAPÍTULO 8: SECADO SOLAR2 aEste texto está dedicado a todos aquellos que desean tomar conocimiento de los problemas específicos relacionados con el aprovechamiento de la energía solar térmica, contribuyendo así a la difusión de los conceptos científicos relativos a las energías no convencionales y sus tecnologías.El tratamiento de este tema tiene su origen en un curso dado en la Facultad de Ciencias Exactas Físicas y Naturales de la Universidad Nacional de Córdoba por un período de varios años. En su desarrollo se buscó asegurar la comprensión de los fenómenos físicos, introduciendo para ello las fórmulas más importantes relacionadas con los mismos, como así también, los aspectos prácticos que sirven como suplemento de los procesos de ingeniería. Se ha supuesto que el lector posee conocimientos incorporados sobre la termodinámica, la óptica, la transmisión del calor, la mecánica de los fluidos etc.El objetivo del libro se verá cumplido si el mismo es un aporte para quienes desean ayudar a satisfacer una mayor demanda energética sin contribuir a un agotamiento de los recursos naturales no renovables y al deterioro medioambiental del planeta.13aEnergía solar13aEnergía solar térmica13aFuentes de energía renovable13aSolar energy13aSolar thermal energy13aRenewable energy sources 0aIngeniería (Universitas)